| 000 | 00479nam a2200145Ia 4500 | ||
|---|---|---|---|
| 008 | 140724s9999 xx 000 0 und d | ||
| 050 |
_aTS 155 _b.W489 2012 |
||
| 100 | _aWermuth, Jonathan Joseph T. | ||
| 245 |
_aQdyanmic Inventory System / _cJonathan Joseph T. Wermuth. |
||
| 260 |
_aLas PiƱas, Philippines : _bSouthville International School and Colleges, _cc2012. |
||
| 300 |
_a39 p. : _bill. ; _c28 cm. |
||
| 521 | _aInformation Technology | ||
| 942 | _cTH | ||
| 999 |
_c228827 _d228827 |
||